000 00702nam a2200241 i 4500
001 C2-0156039
003 PPAK
005 20180727132424.0
008 980331s1997 si a|||| ||||| | may d
020 _a9812046763
040 _aPPAK
_beng
_cPPAK
_erda
082 0 4 _a641.5635
_223
090 0 0 _a641.5635
_bHOD
_dR
100 1 _aHodder, Mary Trevelyan,
_eauthor
245 1 0 _aSajian untuk kesihatan & diet
264 1 _aSingapore :
_bTimes Books International ,
_c1997
300 _aviii, 172 pages :
_bcolour illustrations ;
_c25 cm
336 _2rdacontent
_atext
337 _2rdamedia
_aunmediated
338 _2rdacarrier
_avolume
650 1 0 _aLow - Calorie diet - Recipes
942 _ddc
_cB
999 _c48022
_d48022